| 000 | 00645cam a2200205 a 4500 | ||
|---|---|---|---|
| 001 | 000025475 | ||
| 005 | 20200930023820.0 | ||
| 008 | 901219s1981 mx 000 | spa d | ||
| 040 |
_aDO-SdBNP _bspa _cBNPHU |
||
| 082 |
_axxx _bB478p, 1981 |
||
| 100 | 1 |
_aBenveniste, Émile _952103 |
|
| 245 | 1 | 0 |
_aProblemas de lingüística general / _cÉmile Benveniste ; traducción de Juan Almeda. |
| 250 | _a4a ed. | ||
| 260 |
_aMéxico, D. F. : _bSiglo Veintiuno, _c1981. |
||
| 300 |
_a2 v. ; _c21 cm. |
||
| 500 | _aLa biblioteca posee el volumen 2 | ||
| 500 | _aIncluye nota al pie de páginas | ||
| 700 | 1 |
_aAlmeda, Juan, _etr. _952104 |
|
| 049 | _aBNGR | ||
| 999 |
_c24967 _d24967 |
||